Cadernos de cultura, história & património de Aveiro (Record no. 44914)

MARC details
000 -Etiqueta do registo
Valores 00782nas a2200217 4500
021 ## - Número do Depósito Legal
Número 478358/20
100 ## - Dados gerais de processamento
Dados gerais 20201023a20209999m d0pory50030103ba
101 0# - Língua de publicação
Língua por
102 ## - País de publicação
País PT
200 1# - Titulo e menção de responsabilidade
Título próprio Cadernos de cultura, história & património de Aveiro
Primeira menção de responsabilidade Câmara Municipal de Aveiro
210 #9 - Publicação
Local de publicação Aveiro
Nome do editor Câmara Municipal de Aveiro, Divisão de Cultura e Turismo
Data de publicação 2020-
215 ## - Descrição física 
Dimensões 34 cm
305 ## - Nota relativa à edição da publicação
Texto da nota ISSN:2184-816 X
532 13 -
Título desenvolvido Cadernos de cultura, história e património de Aveiro
675 ## - CDU
Notação 908(469.321)(051)
Edição BN
Língua por
712 02 - Autor entidade secundário
Nome da entidade Aveiro.
Subdivisão Câmara Municipal.
-- Divisão de Cultura e Turismo
801 #0 - Fonte de origem
País PT
Agência BN
Regras de catalogação RPC
856 41 - Localização e acesso electrónico 
URL <a href="http://rnod.bnportugal.gov.pt/ImagesBN/winlibimg.aspx?skey=&doc=2058088&img=198770&save=true">http://rnod.bnportugal.gov.pt/ImagesBN/winlibimg.aspx?skey=&doc=2058088&img=198770&save=true</a>
990 ## - Elementos KOHA
Tipo de documento Jornais e Revistas
Holdings
Aquisição Empréstimo Código de barras Cota Permissão de empréstimo Tipo de documento Nota relativa ao exemplar
Biblioteca Municipal de Redondo Biblioteca Municipal de Redondo 055212 908(469)(05) Consulta presencial Jornais e Revistas 2021 , n.º 2

Powered by Koha